000 00493nam a2200193Ia 4500
003 OSt
005 20250812144620.0
008 210210b1977 xxu||||| |||| 00| 0 eng d
040 _cAL
041 _aKannada
082 _aK894.3 CHIS
100 _aCHITRALEKHA
_dಚಿತ್ರಲೇಖಾ
_9235133
245 _aShrati.
_bಶ್ರುತಿ
260 _aBengaluru
_bPrakasha Sahitya
_c1977
300 _a184
690 _aKannada Fiction
_9235134
906 _aSG01107
942 _2ddc
_cSG
999 _c112580
_d112580